00628nam a2200169 i 450000100060000000300090000600500170001500700030003200800410003510000320007624501100010826000430021830000260026185200320028799900170031995201220033660188ES-MaACL20230906164155.0t|031103s1970 sp ||||1| spa d1 aErrandonea, Ignacio.94742710aSófocles y la personalidad de sus coros b: estudio de dramática constructiva / cIgnacio Errandonea. aMadrid : bMoneda y Crédito, c1970. aXV, 240 p. ; c23 cm. aES-MaACLjC-38161 bR.74959 c60188d60188 00104070aATENEOMbATENEOMcDEPO2d2008-01-17eSCl0oC-38161p1063133r2023-02-23 00:00:00w2023-02-23yMONOGRAFIA